=LDR 00000nam 2200000 4500 =001 NUTBA000000000001180 =005 20140415135407.0 =006 =007 =008 =035 ##$$a 0010-041400000000450 =040 ##$$a Ind =082 ##$$a 633.83 =090 ##$$a 633.83$bHad c =100 ##$$a Hadiwijaya, Toyib =245 ##$$a Cengkeh$b Data dan petunjuk ke arah swasembada$cToyib hadiwijaya =250 ##$$a Cet. 5 =260 ##$$a Jakarta$bGunung agung$c1982 =300 ##$$a 125 HLm$bIlus$c21 cm. =850 ##$$a NBPNMAT =990 ##$$a 00088574 =990 ##$$a 93954/BPAP-NTB/2014 =990 ##$$a 10841084 =990 ##$$a 01201901084 =990 ##$$a 93954/BPAP-NTB/2014